000 nam a22 7a 4500
999 _c9031
_d9031
008 180122b ||||| |||| 00| 0 eng d
100 _aVerma S
_95324
245 _aLab Mathematics
260 _aNew Delhi
_bPrachi Publication
_c2009